| 000 | 00636nam a2200253Ia 4500 | ||
|---|---|---|---|
| 008 | 170712s9999 xx 000 0 und d | ||
| 050 | _a793.31 | ||
| 050 | _bT649 1990 | ||
| 100 | _aTolentino, Francisca Reyes. | ||
| 245 | _aPhilippine National dances / | ||
| 245 | _cby Francisca Reyes Tolentino. | ||
| 260 | _aPhilippines : | ||
| 260 | _bKayumanggi Press, | ||
| 260 | _c1990 | ||
| 300 | _a371 pages : | ||
| 300 | _billustrations ; | ||
| 300 | _c22cm. | ||
| 500 | _aIncludes index. | ||
| 650 | _aDances -- | ||
| 650 | _aNational dances -- | ||
| 650 | _aTitle. | ||
| 650 | _xPhilippines. | ||
| 650 | _xPhilippines. | ||
| 999 |
_c340291 _d340291 |
||